[Event "WYCC 2018 O14"]
[Site "Halkidiki"]
[Date "2018.10.21"]
[Round "2"]
[White "Turgut, Aydin"]
[Black "Thenuka, Kuruwita Gamalathge"]
[Result "1-0"]
[WhiteElo "2156"]
[BlackElo "1710"]
[Annotator "NA"]
[PlyCount "77"]
[EventDate "2018.10.20"]
[EventType "swiss"]
[EventCountry "GRE"]
[SourceTitle "playchess.com"]
[Source "ChessBase"]
[SourceQuality "1"]
[TimeControl "40/5400+30:1800+30"]

1. e4 d5 {[%emt 0:00:00]} 2. exd5 {[%emt 0:00:00]} Qxd5 {[%emt 0:00:00]} 3. Nc3 {[%emt 0:00:09]} Qd6 {[%emt 0:00:00]} 4. d4 {[%emt 0:00:25]} Nf6 {[%emt 0:00:10]} 5. Nf3 {[%emt 0:00:13]} a6 {[%emt 0:00:20]} 6. g3 {[%emt 0:00:45]} Bg4 {[%emt 0:00:27]} 7. h3 {[%emt 0:00:11] B01: Scandinavian Defence} (7. Bg2 c6 8. O-O e6 9. h3 Bxf3 10. Bxf3 Be7 11. b3 O-O 12. Bb2 Nbd7 13. Ne2 Rad8 14. Re1 Rfe8 {0-1 (64) Hou,Y (2663)-Megaranto,S (2535) Almaty 2016}) 7... Bxf3 {[%emt 0:06:43]} 8. Qxf3 {[%emt 0:00:10]} Nc6 {[%emt 0:00:12]} 9. Be3 {[%emt 0:00:12]} e6 {[%emt 0:03:23]} 10. O-O-O {[%emt 0:02:15]} O-O-O {[%emt 0:10:17]} 11. Bg2 {[%emt 0:00:14]} Qb4 {[%emt 0:05:10]} 12. g4 {[%emt 0:18:55]} Qa5 {[%emt 0:04:41]} 13. g5 $146 {[%emt 0:10:06]} ({Predecessor:} 13. Kb1 Bb4 14. Ne4 Nxe4 15. Qxe4 {1-0 (44) Wang,J (2180)-Rakhmangulova,A (2098) Moscow 2010}) 13... Nd5 {[%emt 0:00:20]} 14. Nxd5 {[%emt 0:00:31]} Qxd5 {[%emt 0:00:41]} 15. Qxd5 {[%emt 0:02:01]} exd5 {[%emt 0:00:14]} 16. h4 {[%emt 0:02:40]} Kb8 {[%emt 0:06:38]} 17. Rh3 {[%emt 0:11:49]} Be7 {[%emt 0:00:30]} 18. Rf3 {[%emt 0:03:54]} Rhf8 {[%emt 0:30:23]} 19. Rf5 {[%emt 0:00:30]} Nb4 {[%emt 0:05:33]} 20. a3 {[%emt 0:05:11]} g6 {[%emt 0:00:25]} 21. Re5 {[%emt 0:01:30]} Bd6 {[%emt 0:00:33]} 22. axb4 {[%emt 0:00:15]} Bxe5 {[%emt 0:00:07]} 23. dxe5 {[%emt 0:00:04]} c6 {[%emt 0:00:33]} 24. Bb6 {[%emt 0:03:23]} Rde8 {[%emt 0:00:34]} 25. f4 {[%emt 0:00:45]} h6 {[%emt 0:00:59]} 26. Kd2 {[%emt 0:07:06]} hxg5 {[%emt 0:00:14]} 27. hxg5 {[%emt 0:00:02]} Rh8 {[%emt 0:00:14]} 28. Ke2 {[%emt 0:00:44]} Kc8 {[%emt 0:07:04]} 29. Kf2 {[%emt 0:01:11]} Rh4 {[%emt 0:01:07]} 30. Kg3 {[%emt 0:00:06]} Reh8 {[%emt 0:00:04]} 31. b3 {[%emt 0:01:42]} Kd7 $18 {[%emt 0:00:27]} 32. c4 {[%emt 0:03:07]} Ke6 {[%emt 0:00:15]} 33. cxd5+ {[%emt 0:01:58]} cxd5 {[%emt 0:00:06]} 34. Rxd5 {[%emt 0:01:25]} Kf5 {[%emt 0:00:10]} 35. e6+ {[%emt 0:00:50]} Kxe6 {[%emt 0:00:06]} 36. Re5+ {[%emt 0:02:33]} Kd7 {[%emt 0:00:15]} 37. Bc5 {[%emt 0:01:05]} R4h7 {[%emt 0:00:29]} 38. Re7+ {[%emt 0:00:27]} Kd8 {[%emt 0:00:08]} 39. Rxb7 {[%emt 0:00:18]} 1-0

[Event "WYCC 2018 O14"]
[Site "Halkidiki"]
[Date "2018.10.21"]
[Round "2"]
[White "Patrelakis, Evaggelos"]
[Black "Tsoi, Dmitry"]
[Result "1/2-1/2"]
[WhiteElo "2146"]
[BlackElo "2429"]
[Annotator "TA"]
[PlyCount "57"]
[EventDate "2018.10.20"]
[EventType "swiss"]
[EventCountry "GRE"]
[SourceTitle "playchess.com"]
[Source "ChessBase"]
[SourceQuality "1"]

{[%evp 15,57,13,50,20,25,35,63,63,63,67,71,71,95,40,44,55,91,68,84,91,145,156,170,150,175,127,128,128,168,111,115,20,81,89,81,85,75,65,78,66,68,33,56,46]} 1. e4 e5 2. Nf3 d6 3. d4 exd4 4. Nxd4 Nf6 5. Nc3 Be7 6. Be2 O-O 7. O-O Nc6 8. f4 Bd7 {LiveBook: 5 Games. C41: Philidor Defence} (8... Nxd4 9. Qxd4 c6 10. Be3 Bg4 11. Bf3 Bxf3 12. Rxf3 Ng4 13. Rg3 Bf6 14. e5 Nxe3 15. Rxe3 dxe5 16. Qxd8 Raxd8 17. fxe5 {0-1 (53) Kazakov,K (2390)-Ismagambetov,A (2542) Astana 2017}) 9. Bf3 Nxd4 10. Qxd4 Bc6 11. Be3 Nd7 12. Rad1 Re8 $146 ({Predecessor:} 12... Bf6 13. Qd2 Bxc3 14. Qxc3 Qe7 15. e5 dxe5 16. Bxc6 bxc6 17. Qxc6 exf4 18. Bxf4 {1-0 (35) Unzicker,W-Henneberger,W Luzern 1952}) 13. Qd3 Nf8 14. Bf2 (14. Nd5 $16) 14... Bf6 $14 15. Rfe1 Qb8 16. b3 Ng6 17. g3 $36 {[%mdl 2048] White is in control.} Ne7 (17... a5 $142) 18. e5 $16 dxe5 19. fxe5 Bg5 20. Bxc6 Nxc6 21. Qf5 Be7 22. e6 (22. Rd7 $18 {aiming for Nd5.} Rd8 23. e6 fxe6 24. Qxe6+ Kh8 25. Rxe7 Nxe7 26. Qxe7) 22... fxe6 23. Rxe6 ({Better is} 23. Qxe6+ $16 Kh8 24. Rd7) 23... Rf8 (23... Qc8 $1 $11 {remains equal.}) 24. Qe4 {Strongly threatening Rd7.} Rf7 25. Nd5 Bd6 26. c4 Qf8 $1 27. Be3 Bc5 28. Re1 Bxe3+ 29. Qxe3 {Precision: White = 53%, Black = 47%.} 1/2-1/2

[Event "WYCC 2018 O14"]
[Site "Halkidiki"]
[Date "2018.10.21"]
[Round "2"]
[White "Marn, Jan"]
[Black "Pogosyan, Stefan"]
[Result "0-1"]
[WhiteElo "2125"]
[BlackElo "2373"]
[Annotator "TA"]
[PlyCount "56"]
[EventDate "2018.10.20"]
[EventType "swiss"]
[EventCountry "GRE"]
[SourceTitle "playchess.com"]
[Source "ChessBase"]
[SourceQuality "1"]

{[%evp 13,56,-4,8,-2,0,-3,-8,0,-6,-20,0,-26,-22,-45,-13,-55,-8,-31,-19,-10,58,62,48,41,195,209,186,-114,-133,-278,-172,-191,-117,-476,-431,-483,-423,-742,-756,-761,-759,-759,-732,-1548,-1613]} 1. d4 Nf6 2. c4 e6 3. Nc3 Bb4 {[%cal Bf8b4,Bb4a5,Ba5c7][%mdl 32]} 4. e3 O-O 5. Nge2 c6 (5... Re8 6. a3 Bf8 7. d5 d6 8. g3 exd5 9. cxd5 c5 10. Bg2 Nbd7 11. O-O c4 12. Nd4 Nc5 13. Qe2 Nd3 14. b3 Nxc1 15. Rfxc1 cxb3 {½-½ (74) Caruana,F (2822)-So,W (2780) Saint Louis 2018}) 6. a3 {E46: Nimzoindisch (Rubinstein-System)} Ba5 7. Bd2 d5 {LiveBook: 14 Partien} 8. cxd5 {Die Stellung ist ausgeglichen.} exd5 9. Ng3 Re8 10. Bd3 Nbd7 11. O-O Bc7 12. b4 $146 ({Vorgänger:} 12. Qc2 Nf8 13. f3 {½-½ (32) Dubov,D (2594)-Andreikin,D (2715) Moscow 2012}) 12... a5 13. Na4 Ne4 14. b5 Qh4 15. Bxe4 dxe4 16. bxc6 Nf6 (16... bxc6 $11 17. f4 Nf6) 17. cxb7 $14 Bxb7 {Und ...Sg4 würde nun gewinnen.} 18. Rc1 Ng4 $2 ({Besser ist} 18... Bd6 $14) 19. h3 $18 Nxf2 20. Rxf2 $2 (20. Nf5 $18 Nxd1 21. Nxh4) 20... Qxg3 $40 {[%mdl 128] [#] Schwarz geht auf den König.} 21. Nc5 (21. Rxc7 $1 $17 {[%mdl 512]} Qxc7 22. Rf5) 21... Bd5 {...Dh2+ ist eine echte Drohung.} 22. Qh5 {[#]} Rad8 (22... f5 $1 $19 {[%mdl 512] Weiss muss nun ...g6 beachten.} 23. Qxf5 (23. Rxf5 Rf8) 23... Rad8) 23. Qg4 $2 {[%mdl 8192]} (23. Kf1 $17 {nur so!}) 23... Qh2+ $19 {Schwarz steht klar auf Gewinn.} 24. Kf1 Bg3 25. Nd7 (25. h4 $142 Bxf2 26. Kxf2) 25... Bb7 {[%cal Bd5b7,Bb7c8,Bc8g4][%mdl 32]} 26. Nc5 Bc8 27. Qh5 g6 28. Qh6 {[#]} Bg4 $1 {[%mdl 512] Precision: Weiß = 27%, Schwarz = 35%.} 0-1

[Event "WYCC 2018 O14"]
[Site "Halkidiki"]
[Date "2018.10.21"]
[Round "2"]
[White "Wang, Alex"]
[Black "Huang, Renjie"]
[Result "0-1"]
[WhiteElo "2076"]
[BlackElo "2322"]
[Annotator "TA"]
[PlyCount "72"]
[EventDate "2018.10.20"]
[EventType "swiss"]
[EventCountry "GRE"]
[SourceTitle "playchess.com"]
[Source "ChessBase"]
[SourceQuality "1"]

{[%evp 12,72,28,12,59,28,23,27,32,30,59,31,15,6,26,-16,24,-46,-34,-52,-20,-19,-22,-58,-49,-54,-43,-95,-76,-132,-133,-149,-171,-283,-194,-245,-245,-294,-219,-447,-296,-264,-274,-219,215,209,245,-342,-322,-202,0,0,0,-1158,-239,-29993,-29994,-29994,-29995,-29995,-29996,-29996,-2151]} 1. e4 c5 2. Nf3 Nc6 3. Bb5 g6 4. Bxc6 dxc6 5. d3 Nf6 6. h3 Bg7 7. Nc3 c4 {B31: Sicilian: 2...Nc6 3 Bb5 g6} (7... O-O 8. O-O Ne8 9. Be3 b6 10. e5 f6 11. Re1 Nc7 12. Qd2 fxe5 13. Bh6 Rxf3 14. Bxg7 Kxg7 15. gxf3 Bxh3 16. Rxe5 e6 17. Rg5 {1-0 (33) Caruana,F (2827)-Gelfand,B (2703) Batumi 2018}) 8. d4 b5 {[%cal Bb7b5,Bb5b4][%mdl 32]} 9. Qe2 O-O {White has an edge.} 10. O-O b4 11. Nd1 $146 ({Predecessor:} 11. Nb1 a5 12. Rd1 Ba6 13. c3 Qc7 14. a3 Qb7 15. axb4 axb4 {1-0 (37) Iordachescu,V (2634)-Djukic,N (2448) Tusnad 2004}) 11... a5 12. c3 Ba6 13. Ne5 Qc7 14. f4 (14. Bf4 $11 Qc8 15. Qf3) 14... e6 15. Qe3 Nd7 16. Nxd7 Qxd7 17. f5 exf5 18. exf5 Rfe8 (18... gxf5 $6 19. Qf4 $11) 19. Qg3 (19. Qf2 $15) 19... c5 $17 20. f6 ({Better is} 20. dxc5 Bb7 21. Qf2) 20... Bf8 21. Be3 Bb7 22. Nf2 (22. dxc5 $142 Qd5 23. Qf2) 22... Qd5 {Strongly threatening ...Rxe3.} 23. Ng4 (23. Rfe1 $142) 23... Re4 $1 $19 24. Rf2 Rae8 (24... cxd4 25. Bxd4 Bd6 26. Qf3 $19) 25. Ne5 $2 (25. Nh6+ {might work better.} Bxh6 26. Bxh6) 25... cxd4 26. cxd4 Bd6 27. Qg5 Rxd4 $4 {[%mdl 8192]} ({Not} 27... Bxe5 28. dxe5 Kh8 29. Rd2 $17 (29. Qh6 Rg8 $15)) (27... Re6 $19 {and all is fine.} 28. Rc1 (28. Qh6 $2 Rxf6 29. Raf1 Rxf2 $19) 28... Bxe5 29. dxe5 Qxe5 30. Qxe5 R6xe5) 28. Bxd4 $18 Qxd4 {[#]} 29. Ng4 $4 {[%mdl 8192]} (29. Nxg6 $1 $18 {[%mdl 512] is the narrow road to win. Nh4+ would kill now.} hxg6 (29... fxg6 30. f7+) 30. Qh6) 29... Re2 $19 30. Raf1 h5 $2 ({Don't do} 30... Rxf2 31. Nxf2 Bc5 32. Qg3 $17) (30... Bc8 $19 31. Qxa5 Bf8) 31. Nh6+ $1 $11 Kf8 {[#]} 32. Qxa5 $2 {[%mdl 8192]} (32. Nf5 $1 $11 {[%mdl 512]} Qxf2+ (32... gxf5 33. Qxh5) 33. Rxf2 Re1+ 34. Rf1 Bc5+ 35. Kh2 Rxf1 36. Qd2 Bg1+ 37. Kg3 Bf2+ 38. Kh2 Bg1+ 39. Kg3 Bf2+ 40. Kh2 Bg1+) 32... Bc5 $2 $40 {[%mdl 128] Black attacks with force.} (32... Bc6 33. Qd8+ Re8) 33. Kh2 $2 (33. Qc7 $19 Qd5 34. Kh1 Bxf2 {[#]} 35. Rxf2 $1 {[%mdl 512]} Re1+ 36. Kh2 Qe5+ 37. Qxe5 Rxe5 38. Rd2) 33... Qd6+ {Black mates.} 34. Kg1 Rxf2 35. Rxf2 Qd1+ 36. Kh2 Qd4 {Precision: White = 12%, Black = 40%.} (36... Bd6+ $142 37. Qe5 Bxe5+ 38. Rf4 Bxf4+ 39. g3 Qh1#) 0-1

[Event "WYCC 2018 O14"]
[Site "Halkidiki"]
[Date "2018.10.21"]
[Round "2"]
[White "Runets, Ivan"]
[Black "Dardha, Daniel"]
[Result "1/2-1/2"]
[WhiteElo "2047"]
[BlackElo "2316"]
[Annotator "TA"]
[PlyCount "118"]
[EventDate "2018.10.20"]
[EventType "swiss"]
[EventCountry "GRE"]
[SourceTitle "playchess.com"]
[Source "ChessBase"]
[SourceQuality "1"]

{[%evp 18,118,18,-5,25,20,27,13,32,22,37,2,16,9,16,-1,0,0,0,-20,-10,-14,-6,-9,-10,-13,-11,-81,-88,-72,-81,-68,-82,-73,-71,-93,-103,-103,-84,-105,-75,-89,-52,-95,-102,-109,-81,-83,-49,-40,-55,-48,-32,-39,-40,-55,0,0,0,0,0,0,0,0,0,0,0,0,0,0,0,0,0,0,0,-6,0,0,0,0,8,8,8,0,0,0,0,0,0,0,0,0,0,0,0,0,0,0,0,0,0,0,0]} 1. d4 Nf6 2. Nf3 c5 3. c3 g6 4. Bf4 Bg7 5. e3 O-O 6. Be2 d6 7. h3 b6 8. Nbd2 Bb7 9. O-O Nbd7 10. Qb3 Ne4 {A48: 1 d4 Nf6 2 Nf3 g6: Torre, London and Colle Systems} (10... a6) 11. Nxe4 Bxe4 12. Rad1 $146 ({Predecessor:} 12. Ng5 Bc6 13. Bc4 Qe8 14. d5 Bb7 15. Bb5 Qc8 16. Bxd7 Qxd7 17. a4 h6 18. Nf3 {0-1 (39) Giacopelli,V (2140)-Sinquin,M Cappelle-la-Grande 1995}) 12... Bb7 13. a4 Qc8 14. Bh2 (14. d5 {feels hotter.} Nf6 15. Rfe1 Rb8 16. c4 Qd7 17. Qc2) 14... Ba6 15. Bxa6 Qxa6 16. Ra1 Qb7 17. Rfd1 a6 18. Ra2 Rfd8 19. Bg3 d5 20. Bh4 Bf8 21. Re1 Re8 22. e4 (22. Bg3 $11 {keeps the balance.}) 22... dxe4 $17 23. Ng5 e6 24. Nxe4 cxd4 $1 25. cxd4 Qd5 26. Nd2 Qxd4 27. Nf3 Qc5 28. Qd3 Qc7 29. b3 Qb7 30. Rd1 Nc5 31. Qe3 a5 32. Re2 Be7 33. Bxe7 Qxe7 34. Ne5 Rad8 35. Red2 Rxd2 36. Rxd2 f6 (36... Rc8 $15) 37. Nc4 $11 {The position is equal.} Qc7 38. g3 Rd8 39. Rxd8+ Qxd8 40. Nxa5 Qd1+ 41. Kh2 Kf7 42. Nc4 {[#] Strongly threatening a5.} Qxb3 43. Qxb3 Nxb3 44. Nxb6 {[%mdl 4096] Endgame KN-KN} Ke7 45. Nc4 Kd7 46. Ne3 Nc5 47. Ng4 $1 Ke7 ({Much worse is} 47... Nxa4 $6 48. Nxf6+ Ke7 49. Nxh7 $16) 48. a5 $1 f5 49. Ne5 Kd6 50. Nf7+ Kc6 51. Ng5 h5 52. Nf7 Kb5 53. h4 Nd7 54. Kg2 Kxa5 55. Kf3 {Black must now prevent Kf4.} e5 56. Nh8 Nf8 57. Nf7 Nd7 58. Nh8 Nf8 59. Nf7 Nd7 {Precision: White = 72%, Black = 62%.} 1/2-1/2

[Event "WYCC 2018 O14"]
[Site "Halkidiki"]
[Date "2018.10.21"]
[Round "2"]
[White "Kasioumis, Vasilios"]
[Black "Gharibyan, Mamikon"]
[Result "0-1"]
[WhiteElo "2038"]
[BlackElo "2314"]
[Annotator "TA"]
[PlyCount "66"]
[EventDate "2018.10.20"]
[EventType "swiss"]
[EventCountry "GRE"]
[SourceTitle "playchess.com"]
[Source "ChessBase"]
[SourceQuality "1"]

{[%evp 13,66,7,7,0,1,-23,-18,-111,-27,-29,-15,-22,-17,-34,-11,-41,0,-31,-39,-134,-124,-535,-519,-532,-523,-514,-530,-522,-532,-537,-531,-515,-525,-506,-540,-522,-519,-566,-557,-683,-680,-695,-527,-514,-513,-515,-490,-528,-510,-511,-510,-519,-494,-600,-593]} 1. e4 e5 2. Nf3 Nc6 3. Bc4 Bc5 4. c3 Nf6 5. d3 d6 6. h3 h6 7. Bb3 {C54: Giuoco Piano: 4 c3 Nf6, main lines with 5 d4 and 5 d3} (7. Nbd2 O-O 8. Bb3 Qe7 9. Nf1 Be6 10. Bc2 d5 11. Qe2 Rad8 12. g4 b5 13. g5 hxg5 14. Nxg5 dxe4 15. dxe4 {½-½ (69) Wei,Y (2734)-Fang,Y (2499) Tianjin 2018}) 7... a5 {LiveBook: 5 Games} 8. a4 O-O 9. g4 {The position is equal.} d5 10. Qe2 {[#]} (10. Nbd2 $11 {remains equal.}) 10... Be6 ({Better is} 10... b6 $1 $17 {Threatens to win with ...Ba6.} 11. exd5 Nxd5) 11. Bc2 $11 dxe4 $146 ({Predecessor:} 11... Be7 12. g5 Nh5 13. gxh6 g6 14. Rg1 Kh8 15. Ng5 Bxg5 16. Bxg5 f6 17. Bd2 Bf7 18. Na3 d4 19. Qg4 Qe7 20. Nb5 Rad8 21. h7 {½-½ (21) Dvirnyy,D (2549)-Naumkin,I (2445) Porto San Giorgio 2013}) 12. dxe4 Nh7 13. Nbd2 Qe7 14. Nf1 Rad8 $36 {[%mdl 2048] Black is pushing.} 15. Ng3 f6 16. Nh4 {[#]} ({White should play} 16. Qb5 $15) 16... Qf7 $1 $17 {Hoping for ...Bc4.} 17. Nhf5 $2 {[%mdl 8192]} (17. f3 $17) 17... Bc4 $19 {Black is clearly winning.} 18. Qf3 {[#]} Nb4 $1 {[%cal Rb4c2][%mdl 512]} 19. Bb1 (19. cxb4 Bxb4+) 19... Ng5 20. Bxg5 fxg5 21. b3 Nd3+ 22. Bxd3 Rxd3 23. Qg2 Bxb3 24. O-O Kh7 25. Rab1 Rxc3 26. h4 gxh4 27. Nxh4 Qxf2+ 28. Rxf2 Rxf2 29. Qxf2 Rxg3+ $1 ({Weaker is} 29... Bxf2+ 30. Kxf2 Bxa4 31. Rxb7 $11) 30. Ng2 Bxf2+ 31. Kxf2 Rc3 32. Ne3 c6 33. Ke2 b5 {Precision: White = 37%, Black = 67%.} 0-1

[Event "WYCC 2018 O14"]
[Site "Halkidiki"]
[Date "2018.10.21"]
[Round "2"]
[White "Kusa, Jakub"]
[Black "Tadic, Stefan"]
[Result "0-1"]
[WhiteElo "2011"]
[BlackElo "2295"]
[Annotator "NA"]
[PlyCount "56"]
[EventDate "2018.10.20"]
[EventType "swiss"]
[EventCountry "GRE"]
[SourceTitle "playchess.com"]
[Source "ChessBase"]
[SourceQuality "1"]
[TimeControl "40/5400+30:1800+30"]

1. e4 {[%emt 0:00:00]} Nf6 {[%emt 0:00:00]} 2. e5 {[%emt 0:00:10]} Nd5 {[%emt 0:00:34]} 3. d4 {[%emt 0:00:42]} d6 {[%emt 0:00:45]} 4. Nf3 {[%emt 0:00:33]} dxe5 {[%emt 0:00:52]} 5. dxe5 {[%emt 0:03:27]} Bf5 {[%emt 0:19:54]} 6. Bc4 {[%emt 0:04:26]} e6 {[%emt 0:07:17]} 7. a3 {[%emt 0:05:46]} Be7 {[%emt 0:02:03]} 8. O-O {[%emt 0:02:37]} Nb6 {[%emt 0:11:00]} 9. Qxd8+ {[%emt 0:02:04]} Bxd8 {[%emt 0:00:24]} 10. Bd3 {[%emt 0:01:27]} Bxd3 {[%emt 0:02:34]} 11. cxd3 {[%emt 0:00:23]} Nc6 {[%emt 0:02:48]} 12. Nc3 {[%emt 0:06:35]} Be7 {[%emt 0:05:33]} 13. Be3 {[%emt 0:11:19]} O-O-O {[%emt 0:02:45]} 14. Rfd1 {[%emt 0:06:48]} Rd7 {[%emt 0:03:37]} 15. Rac1 {[%emt 0:06:05]} Rhd8 {[%emt 0:07:19]} 16. d4 {[%emt 0:10:23]} Nc4 {[%emt 0:05:27]} 17. Rc2 {[%emt 0:05:01]} N6xe5 {[%emt 0:04:14]} 18. Nb5 {[%emt 0:07:01]} Nxf3+ $19 {[%emt 0:04:49]} 19. gxf3 {[%emt 0:00:51]} Nxe3 {[%emt 0:02:39]} 20. fxe3 {[%emt 0:00:08]} Kb8 {[%emt 0:03:36]} 21. Rdc1 {[%emt 0:01:48]} a6 {[%emt 0:02:02]} 22. Nc3 {[%emt 0:01:36]} c5 {[%emt 0:01:12]} 23. Ne2 {[%emt 0:02:45]} cxd4 {[%emt 0:00:09]} 24. Nxd4 {[%emt 0:02:35]} Bg5 {[%emt 0:00:26]} 25. Kf2 {[%emt 0:01:37]} Rxd4 {[%emt 0:00:39]} 26. exd4 {[%emt 0:00:20]} Bxc1 {[%emt 0:00:05]} 27. Rxc1 {[%emt 0:00:18]} Rxd4 {[%emt 0:00:04]} 28. Rg1 {[%emt 0:00:11]} g6 0-1

[Event "WYCC 2018 O14"]
[Site "Halkidiki"]
[Date "2018.10.21"]
[Round "2"]
[White "Stolyarsky, Yegor"]
[Black "Ognean, Mihnea-Ionut"]
[Result "0-1"]
[WhiteElo "2006"]
[BlackElo "2291"]
[Annotator "NA"]
[PlyCount "74"]
[EventDate "2018.10.20"]
[EventType "swiss"]
[EventCountry "GRE"]
[SourceTitle "playchess.com"]
[Source "ChessBase"]
[SourceQuality "1"]
[TimeControl "40/5400+30:1800+30"]

1. d4 {[%emt 0:03:31]} Nf6 {[%emt 0:00:00]} 2. Nf3 {[%emt 0:01:14]} e6 {[%emt 0:00:00]} 3. Bf4 {[%emt 0:04:24]} c5 {[%emt 0:00:00]} 4. e3 {[%emt 0:00:39]} d5 {[%emt 0:00:22]} 5. Nbd2 {[%emt 0:03:14]} Nc6 {[%emt 0:01:46]} 6. c3 {[%emt 0:03:15]} Bd6 {[%emt 0:00:08]} 7. Bg3 {[%emt 0:02:13]} O-O {[%emt 0:00:15]} 8. Bd3 {[%emt 0:02:11]} b6 {[%emt 0:00:30]} 9. O-O {[%emt 0:04:36] D02: 1 d4 d5 2 Nf3 sidelines, including 2...Nf6 3 g3 and 2...Nf6 3 Bf4} (9. e4 Be7 10. e5 Nh5 11. Nf1 cxd4 12. Nxd4 Nxd4 13. cxd4 g6 14. Ne3 f5 15. exf6 Bxf6 16. Be2 Nxg3 17. hxg3 {½-½ (37) Nakamura,H (2787)-Svidler,P (2760) Moscow 2018}) 9... Bb7 {[%emt 0:02:39] LiveBook: 48 Games} 10. Ne5 {[%emt 0:13:21]} Ne7 {[%emt 0:23:11]} 11. Ng4 {[%emt 0:05:03]} Ne4 {[%emt 0:05:17]} 12. Bxe4 $146 {[%emt 0:10:18]} ({Predecessor:} 12. Bxd6 Qxd6 13. f3 Nxd2 14. Qxd2 f6 15. f4 Qd7 16. Qc2 e5 17. Bxh7+ {1-0 (73) Sidhant,M (2259)-Gusain,H (2453) Noida 2016}) 12... dxe4 {[%emt 0:00:14]} 13. dxc5 {[%emt 0:11:01]} Bxg3 {[%emt 0:06:17]} 14. hxg3 {[%emt 0:02:24]} bxc5 {[%emt 0:00:29]} 15. Qc2 {[%emt 0:03:10]} Qd5 {[%emt 0:12:23]} 16. Rfd1 {[%emt 0:07:52]} Rfd8 {[%emt 0:06:05]} 17. Nb3 {[%emt 0:03:59]} Qf5 {[%emt 0:02:40]} 18. Rxd8+ {[%emt 0:04:32]} Rxd8 {[%emt 0:00:13]} 19. Rd1 {[%emt 0:00:29]} Rd3 {[%emt 0:08:33]} 20. Nc1 {[%emt 0:04:47]} Qxg4 {[%emt 0:17:41]} (20... Qd5 $17 21. Rf1 h5) 21. Nxd3 {[%emt 0:01:28]} exd3 {[%emt 0:00:06]} 22. Qxd3 {[%emt 0:00:51]} Ng6 {[%emt 0:00:11]} 23. Qd6 {[%emt 0:05:18]} Nf8 {[%emt 0:00:48]} 24. f3 {[%emt 0:00:47]} Qa4 {[%emt 0:09:38] [#]} ({Better is} 24... Bxf3 $1 $14 25. gxf3 Qxf3) 25. b3 {[%emt 0:00:35]} (25. Rd2 $1 $16) 25... Qxa2 {[%emt 0:00:57]} 26. Qxc5 {[%emt 0:00:39]} Bd5 {[%emt 0:00:13]} 27. e4 {[%emt 0:00:53]} Qe2 {[%emt 0:01:31]} 28. Ra1 {[%emt 0:00:31]} Qb2 {[%emt 0:00:43]} 29. Rd1 {[%emt 0:00:35]} Bxb3 {[%emt 0:00:52]} 30. Rd8 {[%emt 0:00:35]} Qc1+ {[%emt 0:00:04]} 31. Kh2 {[%emt 0:00:12]} Qh6+ {[%emt 0:00:07]} 32. Kg1 {[%emt 0:00:04]} g6 {[%emt 0:01:26]} 33. Kf2 {[%emt 0:00:57]} a6 {[%emt 0:00:28]} ({Besser ist} 33... e5 $14) 34. f4 {[%emt 0:00:36]} ({White should play} 34. Qb4 $16 Ba2 35. c4) 34... Qg7 {[%emt 0:00:08]} 35. Ke3 {[%emt 0:00:39]} f5 {[%emt 0:00:30]} 36. e5 {[%emt 0:00:26]} g5 $14 {[%emt 0:00:06]} 37. fxg5 {[%emt 0:00:31]} Qxg5+ {[%emt 0:00:07]} 0-1

[Event "WYCC 2018 O14"]
[Site "Halkidiki"]
[Date "2018.10.21"]
[Round "2"]
[White "Bassini, Emile"]
[Black "Kushagra Mohan"]
[Result "0-1"]
[WhiteElo "2002"]
[BlackElo "2283"]
[Annotator "NA"]
[PlyCount "70"]
[EventDate "2018.10.20"]
[EventType "swiss"]
[EventCountry "GRE"]
[SourceTitle "playchess.com"]
[Source "ChessBase"]
[SourceQuality "1"]
[TimeControl "40/5400+30:1800+30"]

1. e4 {[%emt 0:00:00]} e5 {[%emt 0:00:00]} 2. Nf3 {[%emt 0:00:00]} Nc6 {[%emt 0:00:00]} 3. Bb5 {[%emt 0:00:00]} a6 {[%emt 0:00:00]} 4. Ba4 {[%emt 0:00:00]} Nf6 {[%emt 0:00:00]} 5. O-O {[%emt 0:00:00]} Nxe4 {[%emt 0:00:00]} 6. d4 {[%emt 0:00:00]} b5 {[%emt 0:00:00]} 7. Bb3 {[%emt 0:00:00]} d5 {[%emt 0:00:00]} 8. dxe5 {[%emt 0:00:05]} Be6 {[%emt 0:00:00]} 9. Nbd2 {[%emt 0:00:06]} Nc5 {[%emt 0:00:01]} 10. c3 {[%emt 0:00:04]} g6 {[%emt 0:00:56]} 11. Bc2 {[%emt 0:00:10] C80: Open Ruy Lopez: Sidelines and 9 Nbd2} Bg7 {[%emt 0:00:06]} 12. Nd4 {[%emt 0:00:05]} Bd7 $146 {[%emt 0:06:45]} ({Predecessor:} 12... Qd7 13. f4 Bg4 14. Qe1 Nxd4 15. cxd4 Ne6 16. Nb3 a5 17. h3 Bf5 18. Bxf5 gxf5 {1-0 (38) Almasi,Z (2691)-Marin,M (2551) Reggio Emilia 2008}) 13. f4 {[%emt 0:19:42]} O-O {[%emt 0:10:21]} 14. N2f3 {[%emt 0:11:26]} f6 {[%emt 0:07:01]} (14... Ne4 $14) 15. Be3 {[%emt 0:03:00]} Qe7 {[%emt 0:04:55]} 16. Nxc6 {[%emt 0:05:35]} Bxc6 {[%emt 0:00:15]} 17. Bxc5 {[%emt 0:00:11]} Qxc5+ {[%emt 0:00:04]} 18. Qd4 {[%emt 0:00:05]} Qe7 {[%emt 0:02:41]} 19. Rae1 {[%emt 0:06:21]} Bb7 {[%emt 0:04:31]} 20. b4 {[%emt 0:04:04]} ({White should try} 20. exf6 $14 Qxf6 21. f5) 20... c5 {[%emt 0:08:23]} (20... fxe5 $11 21. Nxe5 a5) 21. bxc5 {[%emt 0:09:12]} Rac8 {[%emt 0:00:31]} 22. exf6 {[%emt 0:01:32]} Qxf6 {[%emt 0:00:29]} 23. Ne5 {[%emt 0:06:20]} Qe7 {[%emt 0:01:59]} 24. c6 {[%emt 0:01:43]} Bxc6 {[%emt 0:03:38]} 25. Bb3 {[%emt 0:02:17]} Qd6 {[%emt 0:02:41]} 26. Rd1 {[%emt 0:09:09]} Rfd8 {[%emt 0:01:59]} 27. Qa7 $11 {[%emt 0:06:01]} Rc7 {[%emt 0:03:27]} 28. Qxa6 {[%emt 0:05:32]} Bxe5 {[%emt 0:02:23]} 29. fxe5 {[%emt 0:00:05]} Qc5+ {[%emt 0:00:04]} 30. Kh1 {[%emt 0:00:04]} Ra7 {[%emt 0:00:05]} 31. Rxd5 {[%emt 0:01:30]} Bxd5 {[%emt 0:05:17]} 32. Bxd5+ {[%emt 0:03:19]} Rxd5 {[%emt 0:00:20]} 33. Qe6+ {[%emt 0:00:17]} Kh8 {[%emt 0:00:13]} 34. Qf6+ {[%emt 0:00:48]} Rg7 {[%emt 0:00:59]} 35. e6 {[%emt 0:00:05]} Qe7 {[%emt 0:00:40]} 0-1